000 00668nam a22002417a 4500
003 UA-OsUOA
001 22339
007 ta
008 20031218b un ||||| |||| 00| 0 ukr d
100 _aЯрошевский М.Г.
090 _a159.9
_bЯ77
942 _cBK
040 _aUA-OsUOA
_brus
_cUA-OsUOA
_dUA-OsUOA
245 _aПсихолгия в ХХ стлетии. Теоретические проблемы развития психологической науки
300 _a368 с.
955 _a0
041 _arus
080 _a159.9
260 _aМосква
_bПолитздат
_c1971
044 _aRU
650 7 _2UDC
999 _c308557
_d308557